00571nam a22001937a 450000500170000001000150001702000260003203500130005803700130007108200150008410000210009924500620012026000300018227000840021230000260029665000180032265000240034065000130036420160112123326.0 aENG-114400 a9789351435846c495.00 aEN-97932 bDBAD/PUB a346.540438 aKolhatkar, Medha aDrafting, pleading and conveyancing /cby Medha Kolhatkar aGurgaonbLexisNexisc2015 a14th Floor, Building No.10, Tower-B, DLF Cyber City, Phase-II bGurgaone122002 axxxv,533p.c24cm(pbk) aConveyancing  a Legal composition. aPleading